Quizzes
Events
Quiz Creation
Community
Videos
Private Events
Remove Ads
Sign In
Join for FREE
Feedback
Dark Mode
Quiz Categories
Sports
Geography
Music
Movies
Television
Just For Fun
Miscellaneous
History
Literature
Language
Science
Gaming
Entertainment
Religion
Holiday
For Kids
Quiz Lab
Recent
Popular Today
Quiz Kudos Today
Editor Picks
Curator Picks
Quizzes by...
Day
Popularity
Type
Ratings
Length
Year
Community
Subscriptions
Recent Discussions
Orange Saloon
Badges
Playlists
Quests
Create
Leaderboards
Showdown
Live 5
Trivia Bingo
Activity
Puzzle Library
Sporcle Events
Private Events
Virtual Trivia
Globe League
Become a Host
Pub Owners
SporcleCon
Opinionation
Our Games
Videos
Blog
Mobile Apps
Partnerships
Remove Ads and Go Orange
Feedback
Literature
Harry Potter
A Song of Ice and Fire
The Hunger Games
Literary Character
Shakespeare
Book
Author
Novel
Poem
Young Adult
Children's Books
Play
Lord of the Rings
Literature
Harry Potter
A Song of Ice and Fire
The Hunger Games
Literary Character
Shakespeare
Book
Author
Novel
Poem
Young Adult
Children's Books
Play
Lord of the Rings
Random Quiz
Search Sporcle
×
Quiz Lab
Quiz Lab
Literature
Harry Potter
Type in answers that appear in a list
Type in answers that appear in a list
Classic
Best Score? Go Orange.
Harry Potter Numbers Stats
Can you name the numbers mentioned in the Harry Potter series?
By
higgjd24
5m
30 Questions
539 Plays
539 Plays
539 Plays
Comments
Comments
Give Quiz Kudos
Give Quiz Kudos
-
- Ratings
hide this ad
Forced Order
Answers have to be entered in order
Answers have to be entered in order
Replay
Link that replays current quiz
Next Quiz
Link to next quiz in quiz playlist
You Got
0%
They Got
Avg Score
56%
Avg Friend Score
Upgrade to see
Score Distribution
Jump to the score distribution portion of the page
Score
0/30
Timer
05:00
0
Plays Today
Hint
Answer
% Correct
Date of Harry's birthday in July
31
93.5%
Number of horcruxes created
7
77.9%
Wizarding age of adulthood
17
76.4%
Vault number containing the Philosopher's stone
713
73.8%
Number _
_
Grimmauld Place
12
73.8%
Number of Marauders
4
69.9%
Number of Potter look-
alikes flown from Privet Drive
7
69.2%
Number of staircases in Hogwarts
142
67.9%
Number of years since the first opening of the Chamber of Secrets
50
66.8%
Amount of Galleons won in the Triwizard Tournament
1000
66.4%
Floor on which Fluffy resides
3
65.7%
Page number that 'Werewolves' are found
394
65.3%
Number of Sickles in a Galleon
17
61.8%
Date of Ron's Birthday in March
1
61.4%
Number of dining tables in the Great Hall
5
60.7%
Hint
Answer
% Correct
Number of ways to commit a Quidditch foul
700
59.9%
Number of Knuts in a Sickle
29
58.6%
Year Hagrid was in when he was expelled
2
57.1%
House points Gryffindor lost on the night of delivering Norbert to the North Tower
150
56.2%
Number of escapees in Azkaban's 'mass breakout'
10
53.4%
Number of chocolate frog cards Ron is missing when he first meets Harry
2
53.1%
Number of exceptions to Gamp's Law of Elemental Transfiguration
5
48.6%
Nicholas Flamel's age
665
47.1%
In brewing the Draught of Living Death, the number of stirs The Prince instructs to stir counter-
clockwise
7
45.1%
The row on which the prophesy about Harry is located in the Department of Mysteries
97
42.1%
Points Harry scored in the Second Task
45
34.9%
Number of questions in Lockhart's first test
54
29.7%
Perenelle Flamel's age
658
28%
Address of Weasley's Wizard Wheezes on Diagon Alley
93
26.7%
Year in which a cockatrice rampaged in the Triwizard Tournament
1792
11.1%
Quiz Playlist
Details
Report
Send in Message
Add To Playlist
Classic:
Type in answers that appear in a list
Forced Order:
Answers have to be entered in order
Last Updated: Feb 16, 2017
Quiz Scoreboard
CHALLENGE
Sign Up to Join the Scoreboard
Show All
Scores
Hide
Comments
May contain spoilers
Recently Published
Movies - When Are They Set?
by FPL_Elf
Movies
5m
Popular People in 1961
by mucciniale
History
6m
1-10 Letter E Words III
by El_Dandy
Language
2m
More to Explore
Quiz From the Vault
Featured Blog Post
Where Did the Easter Bunny Come From?
hide this ad
You Might Also Like...
Tags
Harry Potter Quiz
Numbers Quiz
Deathly Hallows
goblet
Half Blood
Hogwarts
Philosopher Stone
Prisoner
Sorcerer Stone
Today's Top Quizzes in Literature
Browse Literature
hide this ad
Today's Top Quizzes in Harry Potter
Browse Harry Potter
Top Contributed Quizzes in Literature
1
Sneaky Slytherin Logic Puzzle
2
One Thing in Common: Literature
3
Get The Picture: Black or White Literature
4
Weasley Family Reunion: Logic Puzzle
5
Harry Potter Neighbourly Logic Puzzle #1
6
Harry Potter Neighbourly Logic Puzzle #5
7
One Thing in Common: Books
8
One Thing in Common: Literature II
9
One Thing in Common: Literature 3
10
Literary Siblings Odd One Out III
Explore More
Trending Topics
Crossword
NBA
Disney
Harry Potter
Kpop
Anime
Marvel
Puzzle
Soccer
Song
WWE
Country
Pokémon
The Office
NFL
hide this ad
More By:
higgjd24
Quiz
Plays
Rating
Category
Featured
Created
Harry Potter Numbers
539
5.00
Literature
Jun 12, 2012
Factfile: Albus Dumbledore
420
2.57
Literature
Dec 6, 2010
Factfile: Hermione Granger
189
3.00
Literature
Dec 4, 2013
Factfile: Ron Weasley
161
4.00
Literature
Dec 1, 2013
Latin Harry Potter Spells
51
1.33
Literature
Dec 5, 2013
Go to Creator's Profile
Score Distribution
Quiz Creator Spotlight
higgjd24
Follow
Send a Message
Quizzes Created
-
Created Quiz Play Count
-
More By This Creator
Popular Quizzes Today
1
Find the Countries of Europe - No Outlines Minefield
2
Find the US States - No Outlines Minefield
3
The Countries of the World
4
Popular People in 1961
5
1-10 Letter E Words III
6
US States
7
Find the US States
8
One Thing in Common: World Cities II
More Literature Quizzes
ASOIAF House Match
Published
Trending Quizzes
Risky Map Clicking: Least Populous States A-Z
Humor Books: The Subtitles
1-10 Letter F Words
1-10 Letter G Words
One Thing in Common: United Kingdom
Recently Updated
Leaping Animals
pecheneg
Reality TV Shows (A-Z)
bhenderson79
Rickey Henderson's Hall of Fame Teammates
pecheneg
Champions League XIs: Arsenal
pecheneg
Quick Pick: Celebrities in WWE's Hall of Fame
aduchscher
A-Z Keypad Blitz II
pecheneg
Multiple Oscar Actors
pecheneg
Mystery Phrase Blitz: Oscar 'Best Actors'
pecheneg
F. Scott Fitzgerald Novels
LTH
Pick 3 Villains
ddd62291
Trending Topics
Marvel
Harry Potter
NBA
Crossword
Disney
Anime
Kpop
Pokémon
The Office
Puzzle
NFL
Song
Country
Soccer
WWE
Your Account Isn't Verified!
In order to create a playlist on Sporcle, you need to verify the email address you used during registration. Go to your
Sporcle Settings
to finish the process.
Report this User
Report this user for behavior that violates our
Community Guidelines
.
Details:
Send Report
Go to the Sporcle.com Mobile Site →
Comments